TOTS EA FC 25 - Statistiques

Statistiques générales
  • Ce quiz a été pris 69 fois
  • Le résultat moyen est 41 sur 240
Statistiques - réponses
Note Championnat Pays Position Joueurs % Correct
97 LIGUE 1 France BU Ousmane Dembelé
96%
97 Premier League Egypte AD Mohamed Salah
81%
97 Premier League Pays-Bas DC Virgil Van Dijk
79%
97 LaLiga France BU Kylian Mbappé
75%
97 Bundesliga Angleterre BU Harry Kane
71%
97 LaLiga Espagne AD Lamine Yamal
69%
97 MLS Argentine AD Lionel Messi
69%
97 Bundesliga Allemagne DC Jonathan Tah
67%
96 Ligue 1 France AG Bradley Barcola
65%
96 Premier League Norvège BU Erling Haaland
63%
97 LaLiga Angleterre MOC Jude Bellingham
63%
97 Serie A Italie DC Alessandro Bastoni
60%
97 ROSHN Saudi League Portugal BU Cristiano Ronaldo
60%
90 EFL Championship Angleterre MC Jobe Bellingham
60%
97 Süperlig Nigeria BU Victor Osimhen
60%
96 Premier League Suède BU Alexander Isak
58%
96 Ligue 1 Portugal MC Joao Neves
58%
97 LaLiga Brésil AG Raphinha
58%
96 LaLiga Brésil AG Vinicius Junior
54%
95 Ligue 1 Portugal MC Vitinha
54%
97 LaLiga F Espagne MC Alexia Putellas
52%
96 Premier League Angleterre MC Declan Rice
50%
96 Bundesliga Allemagne MOC Jamal Musiala
48%
96 Bundesliga France MD Michael Olise
48%
96 LaLiga Espagne MDC Pedri
48%
96 Serie A Italie MC Nicolò Barella
46%
95 Ligue 1 Portugal DG Nuno Mendes
46%
96 Bundesliga Allemagne MOC Florian Wirtz
44%
95 LaLiga Espagne DC Iñigo Martínez
44%
96 Bundesliga Canada DG Alphonso Davies
42%
97 FA Women's Super League Jamaïque BU Khadija Shaw
42%
96 Liga Portugal Suède BU Viktor Gyökeres
42%
95 Ligue 1 Equateur DC Willian Pacho
42%
96 MLS Uruguay BU Luis Suárez
40%
97 Serie A Italie BU Mateo Retegui
40%
96 LaLiga F Espagne MC Aitana Bonmatí
38%
96 Serie A Ecosse MC Scott McTominay
38%
96 ROSHN Saudi League France BU Karim Benzema
35%
96 Süperlig Colombie DC Davinson Sánchez
31%
96 ROSHN Saudi League France MDC N'Golo Kanté
31%
96 LaLiga F Norvège AD Caroline Graham Hansen
29%
95 Bundesliga France DC Dayot Upamecano
29%
96 LaLiga F Pologne BU Ewa Pajor
29%
95 LaLiga Uruguay MC Federico Valverde
29%
93 Ligue 1 Brésil DC Marquinhos
29%
95 LaLiga Pologne BU Robert Lewandowski
29%
95 Premier League Pays-Bas MDC Ryan Gravenberch
29%
96 Arkema Première Ligue Malawi AG Tabitha Chawinga
29%
97 National Women's Soccer League Malawi MG Temwa Chawinga
29%
94 Premier League Argentine MDC Alexis Mac Allister
27%
95 Ligue 1 France MD Rayan Cherki
27%
95 Premier League France DC William Saliba
27%
94 Premier League Portugal MOC Bruno Fernandes
25%
95 Premier League Angleterre MOC Cole Palmer
25%
96 Süperlig Serbie MOC Dusan Tadic
25%
94 Ligue 1 Argentine G Gerónimo Rulli
25%
96 Serie A Italie BU Moise Kean
25%
95 Arkema Première Ligue France DG Sakina Karchaoui
25%
96 Super League Suisse MOC Xherdan Shaqiri
25%
96 EFL Championship Japon MDC Ao Tanaka
23%
96 Arkema Première Ligue France BU Clara Mateo
23%
97 Arkema Première Ligue Etats-Unis MOC Lindsey Horan
23%
96 K League 1 Corée du Sud MC Seung Beom Ko
23%
95 Arkema Première Ligue France DC Wendie Renard
23%
95 Bundesliga Espagne DG Alejandro Grimaldo
21%
93 Ligue 1 Canada BU Jonathan David
21%
94 Premier League Belgique G Matz Sels
21%
95 ROSHN Saudi League Serbie MC Sergej Milinkovic-Savic
21%
96 National Women's Soccer League Etats-Unis BU Sophia Wilson
21%
93 Ligue 1 France MOC Adrien Rabiot
19%
95 Serie A Italie DG Federico Dimarco
19%
97 Flyeralarm Frauen-Bundesliga Danemark BU Pernille Harder
19%
92 LaLIga Belgique G Thibaut Courtois
19%
96 FA Women's Super League Angleterre BU Alessia Russo
17%
93 Premier League Angleterre AD Bukayo Saka
17%
94 Ligue 1 France MC Corentin Tolisso
17%
93 Ligue 1 France DD Jonathan Clauss
17%
95 MLS Espagne DG Jordi Alba
17%
93 Eredivisie Pays-Bas BU Luuk de Jong
17%
94 Premier League Hongrie DG Milos Kerkez
17%
95 ROSHN Saudi League France MD Moussa Diaby
17%
95 Eredivisie Pays-Bas AG Noa Lang
17%
94 Serie A Belgique BU Romelu Lukaku
17%
94 Premier League Angleterre DD Trent Alexander-Arnold
17%
95 LaLiga Allemagne DC Antonio Rüdiger
15%
93 EFL Championship Pays de Galles MD Daniel James
15%
95 FA Women's Super League Angleterre DD Lucy Bronze
15%
96 FA Women's Super League Espagne MG Mariona
15%
96 National Women's Soccer League Brésil MOC Marta
15%
94 Bundesliga Allemagne DC Nico Schlotterbeck
15%
95 Bundesliga République Tchèque BU Patrik Schick
15%
96 ROSHN Saudi League Arabie Saoudite MG Salem Al Dawsari
15%
96 Eredivisie Pays-Bas MOC Sem Steijn
15%
94 Bundesliga Guinée BU Serhou Guirassy
15%
94 Serie A Nigeria MOC Ademola Lookman
13%
94 Flyeralarm Frauen-Bundesliga Allemagne DG Carolin Simon
13%
96 MLS Belgique BU Christian Benteke
13%
91 Ligue 1 Suisse MDC Denis Zakaria
13%
95 Süperlig Brésil MC Fred
13%
94 Bundesliga France BU Hugo Ekitike
13%
94 ROSHN Saudi League Portugal DD Joao Cancelo
13%
94 LaLiga France DD Jules Koundé
13%
95 LaLiga F Colombie MG Linda Caicedo
13%
95 Arkema Première Ligue Haïti BU Melchie Dumornay
13%
93 LaLiga Espagne DC Pau Cubarsí
13%
91 LaLiga F Espagne DG Alexia Férnandez
10%
92 Ligue 1 Brésil MC Andrey Santos
10%
94 Serie A Etats-Unis MD Christian Pulisic
10%
94 Serie A Italie DD Giovanni Di Lorenzo
10%
94 LaLiga Espagne G Joan García
10%
91 Serie A Turquie MG Kenan Yildiz
10%
96 Libertadores Uruguay MOC Leonardo Fernández
10%
94 Flyeralarm Frauen-Bundesliga Espagne DC Marta Cazalla Garcia
10%
95 Liga Portugal Argentine DC Nicolás Otamendi
10%
95 Eredivisie France DC Olivier Boscagli
10%
94 Bundesliga Equateur DC Piero Hincapié
10%
94 Süperlig Portugal MOC Rafa Silva
10%
96 Serie A Italie MD Riccardo Orsolini
10%
93 LaLiga Argentine MC Rodrigo De Paul
10%
92 National Women's Soccer League Etats-Unis DD Ryan Williams
10%
95 Serie A Pays-Bas MC Tijjani Reijnders
10%
95 National Women's Soccer League Etats-Unis MD Trinity Rodman
10%
94 Ligue 1 Brésil DC Alexsandro
8%
96 National Women's Soccer League Zambie BU Barbra Banda
8%
93 Premier League Nouvelle-Zélande BU Chris Wood
8%
95 MLS Suède MOC Emil Forsberg
8%
96 MLS Brésil MC Evander
8%
93 Arkema Première Ligue France MC Grace Geyoro
8%
93 LaLiga Espagne MOC Isco
8%
95 EFL Championship République Dominicaine DG Junior Firpo
8%
95 LaLiga F France DC Maëlle Lakrar
8%
94 Premier League Brésil MOC Matheus Cunha
8%
94 EFL Championship France DC Maxime Estève
8%
94 Eredivisie Finlande AD Oliver Antman
8%
92 Premier League Etats-Unis DG Antonee Robinson
6%
95 Serie BKT France AG Armand Laurienté
6%
96 National Women's Soccer League Etats-Unis MOC Croix Bethune
6%
94 cinch Prem Japon AG Daizen Maeda
6%
94 Serie A Espagne G David De Gea
6%
94 Ligue 1 Côte d'Ivoire AD Evann Guessand
6%
95 Premier League Brésil DC Gabriel Magalhães
6%
94 Eredivisie Pays-Bas MC Kenneth Taylor
6%
96 Flyeralarm Frauen-Bundesliga Allemagne MOC Laura Freigang
6%
91 Eredivisie Etats-Unis MOC Malik Tillman
6%
92 ROSHN Saudi League France DC Mohamed Simakan
6%
94 Liga Portugal Turquie MOC Orkun Kökçü
6%
93 Eliteserien Norvège MDC Patrick Berg
6%
92 Ligue 1 Danemark MC Pierre-Emile Højbjerg
6%
95 MLS Espagne MC Riqui Puig
6%
95 FA Women's Super League Allemagne MDC Sjoeke Nüsken
6%
94 Arkema Première Ligue Danemark DG Sofie Svava
6%
96 MLS Cap Vert DC Steven Moreira
6%
95 LPF Argentine DC Valentín Gómez
6%
91 Liga Portugal Grèce BU Vangelis Pavlidis
6%
93 Bundesliga Hongrie DC Willi Orban
6%
94 Serie A Italie DC Alessandro Buongiorno
4%
95 Flyeralarm Frauen-Bundesliga Allemagne BU Alexandra Popp
4%
91 LaLiga Espagne MG Alex Baena
4%
92 Serie A Kosovo DC Amir Rrahmani
4%
93 Süperlig Congo DR DG Arthur Masuaku
4%
95 EFL Championship Espagne MG Borja Sainz
4%
92 LaLiga Espagne DC Daniel Vivian
4%
92 Liga Porugal Portugal G Diogo Costa
4%
94 Süperlig Bosnie-Herzégovine MD Edin Višca
4%
96 LaLiga F Nigeria BU Edna Imade
4%
95 Liga Portugal Portugal AD Francisco Trincão
4%
95 1A Pro League Belgique MC Hans Vanaken
4%
95 ROSHN Saudi League Brésil DC Ibanez
4%
91 Eredivisie Pays-Bas DG Jorrel Hato
4%
94 FA Women's Super League Irlande DG Katie McCabe
4%
91 ROSHN Saudi League Belgique G Koen Casteels
4%
92 Ligue 1 France MD Maghnes Akliouche
4%
92 Serie A Italie MDC Manuel Locatelli
4%
95 FA Women's Super League France DC Maya Le Tissier
4%
92 FA Women's Super League Angleterre DC Millie Bright
4%
92 Premier League Serbie DC Nikola Milenkovic
4%
95 LaLiga F Espagne DD Ona Batlle
4%
93 FA Women's Super League Etats-Unis G Phallon Tullis-Joyce
4%
92 Bundesliga Japon MD Ritsu Doan
4%
92 MLS Ecosse AG Ryan Gauld
4%
96 Flyeralarm Frauen-Bundesliga Allemagne MC Svenja Huth
4%
92 EFL Championship Angleterre DC Taylor Allen
4%
94 Süperlig Turquie DC Abdülkerim Bardakci
2%
91 LaLiga Roumanie DD Andrei Rațiu
2%
95 National Women's Soccer League Allemagne G Ann-Katrin Berger
2%
94 Süperlig Turquie G Berke Özer
2%
94 LaLiga F Finlande MOC Caroline Weir
2%
92 EFL Championship Etats-Unis BU Charlie Kelman
2%
91 Arkema Première Ligue Nigeria G Chiamaka Nnadozie
2%
93 Eredivisie Slovaquie DC Dávid Hancko
2%
95 National Women's Soccer League Etats-Unis DC Emily Sams
2%
91 Serie A Côte d'Ivoire DC Evan Ndicka
2%
93 Liga Portugal Portugal DG Francisco Moura
2%
93 A-League Nouvelle-Zélande DG Francis de Vries
2%
93 Liga Portugal Portugal DC Gonçalo Inácio
2%
92 FA Women's Super League Angleterre MC Grace Clinton
2%
92 LaLiga F Portugal G Inês Pereira
2%
94 MLS Etats-Unis DC Jackson Ragen
2%
94 FA Women's Super League Angleterre G James Trafford
2%
95 Bundesliga 2 France AG Jean-Luc Dompé
2%
90 EFL League Two Angleterre DD Josh Neufville
2%
93 Eredivisie Croatie DC Josip Šutalo
2%
92 National Women's Soccer League Etats-Unis DC Kaleigh Kurtz
2%
94 Liga Portugal Turquie AG Kerem Aktürkoglu
2%
92 Arkema Première Ligue France MG Kessya Bussy
2%
95 Flyeralarm Frauen-Bundesliga Allemagne MG Klara Bühl
2%
94 MLS Croatie G Kristijan Kahlina
2%
91 Flyeralarm Frauen-Bundesliga Allemagne MG Kristin Kögel
2%
95 CSL Chine AD Lei Wu
2%
93 National Women's Soccer League Etats-Unis MC Lo'eau LaBonta
2%
92 Bundesliga 2 Allemagne G Marvin Schwäbe
2%
93 FA Women's Super League Australie AD Mary Fowler
2%
94 Serie A Italie MG Mattia Zaccagni
2%
93 Liga Portugal Danemark MDC Morten Hjulmand
2%
93 Bundesliga Allemagne MC Nadiem Amiri
2%
90 EFL League Two Angleterre BU Nathan Lowe
2%
91 ROSHN Saudi League Arabie Saoudite DG Nawaf Boushal
2%
92 Süperlig Turquie AG Oguz Aydin
2%
92 LALIGA HYPERMOTION Espagne DC Pedro Bigas
2%
92 Liga Portugal Portugal MOC Ricardo Horta
2%
90 EFL League One Côte d'Ivoire BU Richard Koné
2%
94 Bundesliga Allemagne G Robin Zentner
2%
93 Flyeralarm Frauen-Bundesliga Allemagne DC Sara Doorsoun
2%
92 1A Pro League Belgique G Senne Lammens
2%
92 Bundesliga Allemagne BU Tim Kleindienst
2%
92 Česká Liga République Tchèque DC Tomáš Holeš
2%
94 cinch Prem République Tchèque MD Václav Cerný
2%
94 Arkema Première Ligue Canada DC Vanessa Gilles
2%
91 Süperlig Turquie DD Zeki Yavru
2%
92 Ligue 2 BKT France BU Eli Junior Kroupi
0%
93 EFL Championship Pays-Bas MG Gustavo Hamer
0%
93 EFL Championship Angleterre BU Jay Stansfield
0%
95 Flyeralarm Frauen-Bundesliga Pays-Bas AG Lineth Beerensteyn
0%
94 Liga Hrvatska Croatie MOC Martin Baturina
0%
93 Ö. Bundesliga Géorgie MC Otar Kiteishvili
0%
92 Flyeralarm Frauen-Bundesliga Allemagne G Rafaela Borggräfe
0%
92 Eredivisie Pays-Bas G Remko Pasveer
0%
95 Hellas Liga Brésil DD Rodinei
0%
91 PKO BP Ekstraklasa Grèce DC Stratos Svarnas
0%
93 1A Pro League Nigeria BU Toluwalase Arokodare
0%
Aucun quiz correspondant
Distribution des résultats
% des personnes avec chaque résultat
Percentile par nombre de réponses
Votre historique - résultats
Vous n’avez pas pris ce quiz